|
|
|
|
| LEADER |
02057nam a2200601 a 4500 |
| 001 |
nkc20061645895 |
| 003 |
CZ PrNK |
| 005 |
20081010102006.0 |
| 007 |
ta |
| 008 |
060307s2006 xr e f 000 0 cze |
| 015 |
|
|
|a cnb001645895
|
| 020 |
|
|
|a 80-86976-07-6
|q (brož.)
|
| 035 |
|
|
|a (OCoLC)85719461
|
| 040 |
|
|
|a ABA001
|b cze
|d BOA001
|
| 072 |
|
7 |
|a 316.4/.7
|x Sociální interakce. Sociální komunikace
|2 Konspekt
|9 18
|
| 080 |
|
|
|a 35
|2 MRF
|
| 080 |
|
|
|a 316.774
|2 MRF
|
| 080 |
|
|
|a 316.772.4
|2 MRF
|
| 080 |
|
|
|a 659.4
|2 MRF
|
| 080 |
|
|
|a 316.776.3
|2 MRF
|
| 080 |
|
|
|a 316.77:81'42
|2 MRF
|
| 080 |
|
|
|a 659.21
|2 MRF
|
| 080 |
|
|
|a (072)
|2 MRF
|
| 100 |
1 |
|
|a Pondělíček, Jiří
|7 xx0029102
|4 aut
|
| 245 |
1 |
0 |
|a Kontakty s médii ve veřejné správě :
|b (metodická příručka) /
|c Jiří Pondělíček
|
| 250 |
|
|
|a Vyd. 1.
|
| 260 |
|
|
|a Praha :
|b Institut pro místní správu,
|c 2006
|
| 300 |
|
|
|a 131 s. ;
|c 21 cm
|
| 490 |
1 |
|
|a Skripta
|
| 500 |
|
|
|a 1500 výt.
|
| 504 |
|
|
|a Obsahuje bibliografii
|
| 650 |
0 |
7 |
|a veřejná správa
|7 ph127076
|2 czenas
|
| 650 |
0 |
7 |
|a masmédia
|7 ph115233
|2 czenas
|
| 650 |
0 |
7 |
|a mediální komunikace
|7 ph122737
|2 czenas
|
| 650 |
0 |
7 |
|a public relations
|7 ph115957
|2 czenas
|
| 650 |
0 |
7 |
|a mediální obraz
|7 ph119785
|2 czenas
|
| 650 |
0 |
7 |
|a komunikační dovednosti
|7 ph180925
|2 czenas
|
| 650 |
0 |
7 |
|a prezentace informací
|7 ph124599
|2 czenas
|
| 650 |
0 |
9 |
|a public administration
|2 eczenas
|
| 650 |
0 |
9 |
|a mass media
|2 eczenas
|
| 650 |
0 |
9 |
|a communication in mass media
|2 eczenas
|
| 650 |
0 |
9 |
|a public relations
|2 eczenas
|
| 650 |
0 |
9 |
|a media coverage
|2 eczenas
|
| 650 |
0 |
9 |
|a communication skills
|2 eczenas
|
| 650 |
0 |
9 |
|a presentation of information
|2 eczenas
|
| 655 |
|
7 |
|a metodické příručky
|7 fd132826
|2 czenas
|
| 655 |
|
9 |
|a methodological manuals
|2 eczenas
|
| 830 |
|
0 |
|a Skripta (Institut pro místní správu)
|0 s
|
| 910 |
2 |
|
|a BOA001
|b 2-1167.928
|
| 990 |
|
|
|a BK
|
| 995 |
|
|
|a 01
|
| 991 |
|
|
|b 200605
|c NOV
|
| 996 |
6 |
|
|b 2610278413
|c 2-1167.928
|l MZK
|r Sklad / do 1 hodiny
|n 10
|p p.v.
|w 000815360
|u 000010
|a 1
|e BOA001
|j MZK50
|s P
|